El Patronato nacional de la montaña de Montserrat : el decreto fundacional el decreto fundacional
Colección:
San Jorge,
; núm. 1 (gener 1951), pàg. 26-28
Materias:
Patronat de la Muntanya de Montserrat
Idioma:
Español
MARC
| LEADER | 00000naa a2200000 a 4500 | ||
|---|---|---|---|
| 003 | Arxiu | ||
| 005 | 20260324181036.0 | ||
| 008 | 160829s1951 spcaxx s spa c | ||
| 040 | |a agdb | ||
| 245 | 0 | 3 | |a El Patronato nacional de la montaña de Montserrat : |b el decreto fundacional |
| 490 | |a San Jorge, |v núm. 1 (gener 1951), pàg. 26-28 | ||
| 610 | 2 | 0 | |9 51377 |a Patronat de la Muntanya de Montserrat |
| 710 | 2 | |9 51377 |a Patronat de la Muntanya de Montserrat | |
| 773 | |t San Jorge. |g Núm. 1 (gener 1951), pàg. 26-28 | ||
| 901 | |a Arxiu | ||
| 942 | |n 1 |2 udc |c ART | ||
| 952 | |0 0 |1 0 |4 0 |7 1 |9 64512 |a Arxiu |b Arxiu |d 2022-11-30 |o Rev-508 |r 2022-11-30 00:00:00 |w 2022-11-30 |y ARXIU |z També disponible a Rev-521 | ||
| 999 | |c 48478 |d 48478 | ||